| 000 | 01203cam a22003617a 4500 | ||
|---|---|---|---|
| 003 | CHAP | ||
| 005 | 20220817044506.0 | ||
| 008 | 111019s2006 it r 00010 eng d | ||
| 010 | _a102412 | ||
| 011 | _a103384 | ||
| 020 | _a9251055580 | ||
| 035 | _a114073 | ||
| 040 | _cCHAP | ||
| 082 | 0 | 4 |
_a639.2 _bF46y v.799 |
| 110 | 2 | _aFAO | |
| 245 | 1 | 0 |
_aReport of the FAO expert consultation on the economic, social and institutional consideration of applying the ecosystem approach to fisheries managment _c/por FAO |
| 260 |
_aRome : _bFAO, _c2006 |
||
| 300 | _aiv, 15 p. | ||
| 490 | 0 |
_aFAO. Informe de pesca _v; 799 |
|
| 500 | _aRome, 6-9 june 2006 | ||
| 590 |
_aBATCH-UPD _b10 _c20130110 _lUCH01 _h1045 |
||
| 590 |
_aBATCH-UPD _b10 _c20130410 _lUCH01 _h0644 |
||
| 590 |
_aBATCH-UPD _b10 _c20130914 _lUCH01 _h1248 |
||
| 590 |
_aCONVERSION _b10 _c20130109 _lUCH01 _h1356 |
||
| 650 | 1 | 4 |
_aEcología marina. _935183 |
| 650 | 1 | 4 | _aPesca. |
| 650 | 1 | 4 |
_aPesca _xAspectos económicos. _987361 |
| 650 | 1 | 4 | _aRecursos marinos. |
| 830 | 0 |
_aFAO. Informe de pesca _v; 799 _939587 |
|
| 901 | _aBK | ||
| 942 | _cLIBRO | ||
| 949 |
_a639.2 F46y v.799 v.799 _bBC _cFAO _d33724002087066 _eFAO1 _gDonaciØn _h115987 _i114073 _sb |
||
| 999 |
_c102412 _d102412 |
||